Fr. Conceicao Rodrigues College of Engineering

Kaizen Strategies for Winning through People (Record no. 17812)

MARC details
000 -LEADER
fixed length control field 00328nam a2200145Ia 4500
082 ## - DEWEY DECIMAL CLASSIFICATION NUMBER
Classification number 658.00952
Item number CAN
100 ## - MAIN ENTRY--PERSONAL NAME
Personal name Cane/ Sheila
245 ## - TITLE STATEMENT
Title Kaizen Strategies for Winning through People
260 ## - PUBLICATION, DISTRIBUTION, ETC.
Name of publisher, distributor, etc. Pitman Publishing
Date of publication, distribution, etc. 1996
300 ## - PHYSICAL DESCRIPTION
Extent 242
546 ## - LANGUAGE NOTE
Language note ENGLISH
654 ## - SUBJECT ADDED ENTRY--FACETED TOPICAL TERMS
Focus term Production
942 ## - ADDED ENTRY ELEMENTS (KOHA)
Koha item type Reference Book
Holdings
Withdrawn status Lost status Damaged status Not for loan Collection Home library Current library Date acquired Total Checkouts Full call number Barcode Date last seen Price effective from Koha item type
        CRC Fr. Agnel's C.Rodrigues College of Engineering Fr. Agnel's C.Rodrigues College of Engineering 17/03/2023   658.00952 CAN 11863 17/03/2023 17/03/2023 Reference Book